Regionálne rozdiely v cene poľnohospodárskej pôdy na Slovensku

Formovanie trhu s poľnohospodárskou pôdou na Slovensku. Nezastupiteľná úloha úradnej ceny pôdy v tomto období. Niektoré metodické otázky tvorby úradnej ceny poľnohospodárskej pôdy. Regionálne rozdiely v cene ornej a poľnohospodárskej pôdy v SR.

Gespeichert in:
Bibliographische Detailangaben
1. Verfasser: Spišiak, Peter
Weitere Verfasser: Švoňavec, Milan
Format: Buchkapitel
Sprache:Slowakisch
Schlagworte:
Tags: Tag hinzufügen
Keine Tags, Fügen Sie das erste Tag hinzu!

MARC

LEADER 00000naa a2200000 4500
001 r035676
005 20230922111222.9
041 0 |a slo 
044 |a CZ 
245 1 0 |a Regionálne rozdiely v cene poľnohospodárskej pôdy na Slovensku  |c P. Spišiak, M. Švoňavec 
520 |a Formovanie trhu s poľnohospodárskou pôdou na Slovensku. Nezastupiteľná úloha úradnej ceny pôdy v tomto období. Niektoré metodické otázky tvorby úradnej ceny poľnohospodárskej pôdy. Regionálne rozdiely v cene ornej a poľnohospodárskej pôdy v SR. 
610 2 0 |a cena pôdy 
610 2 0 |a regióny 
610 2 0 |a členenie územné administratívne 
610 2 0 |a pôda poľnohospodárska 
610 2 0 |a Slovensko 
610 2 0 |a rozdiely cenové 
100 1 |a Spišiak, Peter 
700 1 |a Švoňavec, Milan